| 000 | 00943nam a2200205 i 4500 | ||
|---|---|---|---|
| 001 | 161605 | ||
| 003 | ES-MaACL | ||
| 005 | 20250819165551.0 | ||
| 008 | 981002s1883 sp |||| | spa d | ||
| 100 | 1 |
_aPedregal Cañedo, Manuel, _d1831-1896 _9130930 |
|
| 245 | 1 | 0 |
_aCurso de historia universal _b: sexta conferencia [tema: el feudalismo] / _cexplicada por Manuel Pedregal y Cañedo el día 4 de abril de 1882. |
| 260 |
_aMadrid : _b[s.n.], _c1883 ( _fTip. de Manuel G. Hernández) |
||
| 300 |
_a32 p. ; _c24 cm. |
||
| 594 | _aPrecede al tít.: Ateneo Científico y Literario de Madrid. | ||
| 610 | 2 | 7 |
_aAteneo de Madrid- _vConferencias- _yS.XIX. _91910 |
| 650 | 7 |
_aFeudalismo _2embne _912768 |
|
| 852 |
_aES-MaACL _jT-352-F-10 _z- Enc. hol. _q- Falto de cub. original _z- Enc. en un vol. facticio |
||
| 852 |
_aES-MaACL _jT-378-F-17 _z- Enc. hol. _q- Falto de cub. original _z- Enc. en un vol. facticio |
||
| 999 |
_c161605 _d161605 |
||